Neolithikum in der Späten Bronzezeit Steingeräte des 2. Jahrtausend aus Auaris-Piramesse

محفوظ في:

المؤلف الرئيسي: Tillmann, Andreas.

التنسيق: كتاب

اللغة: Undetermined

منشور في: Hildesheim Gerstenberg 2007.

سلاسل: Forschungen in der Ramses-Stadt. Grabungen des Pelizaeus-Museums Hildesheim in Qantir--Pi-Ramesse ; 4.

الموضوعات:

الوسوم: إضافة وسم

لا توجد وسوم, كن أول من يضع وسما على هذه التسجيلة!

رقم الطلب: ( F )DT73 .P58 v.4

LEADER 00939nam a2200205Ia 4500
008 230909s9999||||xx |||||||||||||| ||und||
020 |a 9783806787047 (hd.bd.) 
050 4 |a ( F )DT73 .P58 v.4 
100 1 |a Tillmann, Andreas. 
245 1 0 |a Neolithikum in der Späten Bronzezeit   |b Steingeräte des 2. Jahrtausend aus Auaris-Piramesse  
264 1 |a Hildesheim   |b Gerstenberg   |c 2007. 
300 |a 286 p.   |b ill. (some col.)   |c 32 cm. 
490 0 |a Forschungen in der Ramses-Stadt. Grabungen des Pelizaeus-Museums Hildesheim in Qantir--Pi-Ramesse ; 4. 
504 |a Includes bibliographical references. 
650 4 |a Egypt -- Pi-Ramesse (Extinct city) 
650 4 |a Neolithic period -- Egypt -- Pi-Ramesse (Extinct city) 
650 4 |a Stone implements -- Egypt -- Pi-Ramesse (Extinct city) 
942 |2 lcc  |c BK 
952 |0 0  |1 0  |2 lcc  |4 0  |7 1  |9 49902  |a ARCE  |b ARCE  |d 2023-09-09  |l 0  |o ( F )DT73 .P58 v.4  |r 2023-09-09 00:00:00  |w 2023-09-09  |y BK 
999 |c 54525  |d 54525